00286nam a22000977a 4500008004100000082001700041100003100058245004400089260004700133300000800180230607b xxu||||| |||| 00| 0 eng d a954.043bTIM cThe Times Publishingd1962 aIndiabA Survey Compiled from the times aLondonbThe Times Publishing Coy Ltdc1962 a99p